LEADER 00883nam0-22002891i-450- 001 990006027440403321 005 19980601 035 $a000602744 035 $aFED01000602744 035 $a(Aleph)000602744FED01 035 $a000602744 100 $a19980601d1902----km-y0itay50------ba 101 0 $aita 102 $aIT 105 $ay-------001yy 200 1 $a<>Caso Crispi e le carte dei pubblici funzionarii$eStudio della questione nel diritto comparato, nella storia giudiziale e nella dottrina$fLuigi Ferrara 210 $aNapoli$cPierro$d1902 215 $a278 p.$d24 cm 676 $a920.71$v20$zita 700 1$aFerrara,$bLuigi$06466 801 0$aIT$bUNINA$gRICA$2UNIMARC 901 $aBK 912 $a990006027440403321 952 $aMASSARI H 17$b4621$fFGBC 959 $aFGBC 996 $aCaso Crispi e le carte dei pubblici funzionarii$9545535 997 $aUNINA LEADER 02283oas 2200841 a 450 001 9910307938303321 005 20251106213014.0 011 $a2161-1505 035 $a(DE-599)ZDB2647171-1 035 $a(OCoLC)774957969 035 $a(CONSER) 2011201289 035 $a(CKB)2320000000021198 035 $a(EXLCZ)992320000000021198 100 $a20110426a20119999 uy a 101 0 $aeng 135 $aurcnu|||||||| 181 $ctxt$2rdacontent 182 $cc$2rdamedia 183 $acr$2rdacarrier 200 00$aContemporary school psychology 210 $aSacramento, Calif. $cCalifornia Association of School Psychologists 215 $a1 online resource 300 $aRefereed/Peer-reviewed 311 08$a2159-2020 517 1 $aCSP 531 0 $aContemp. sch. psychol. 606 $aSchool psychology$zCalifornia$vPeriodicals 606 $aPsychologie scolaire$zCalifornie$vPe?riodiques 606 $aSchool psychology$2fast$3(OCoLC)fst01107741 606 $aPsicologia escolar$2thub 606 $aPsicòlegs escolars$2thub 607 $aCalifornia$2fast$1https://id.oclc.org/worldcat/entity/E39PBJt8p3GDkhpJkC9y6FY3wC 607 $aEstats Units d'Amèrica$2thub 608 $aPeriodical. 608 $aperiodicals.$2aat 608 $aPeriodicals.$2fast 608 $aPeriodicals.$2lcgft 608 $aPe?riodiques.$2rvmgf 608 $aRevistes electròniques.$2thub 615 0$aSchool psychology 615 6$aPsychologie scolaire 615 7$aSchool psychology. 615 7$aPsicologia escolar. 615 7$aPsicòlegs escolars. 676 $a150 712 02$aCalifornia Association of School Psychologists, 801 0$bLGG 801 1$bLGG 801 2$bOCLCQ 801 2$bOCLCO 801 2$bOCLCQ 801 2$bZ5A 801 2$bOCLCO 801 2$bOCLCF 801 2$bAU@ 801 2$bDLC 801 2$bNZAUC 801 2$bVT2 801 2$bSFB 801 2$bNTG 801 2$bBWN 801 2$bOCLCO 801 2$bCUS 801 2$bOCLCO 801 2$bUBY 801 2$bOCLCO 801 2$bCUS 801 2$bOCLCL 801 2$bOCLCQ 906 $aJOURNAL 912 $a9910307938303321 996 $aContemporary school psychology$91976127 997 $aUNINA